Mehrsprachigkeit am Beispiel der französischen Sprachenpolitik

Cieľom tohto príspevku je preskúmať, či sa francúzska jazyková politika zameriava na viacjazyčnosť alebo sa snaží chrániť svoj jazyk. Vo Francúzsku bolo prijatých niekoľko zákonov, o ktorých si samotní Francúzi mysleli, že sú zamerané na ochranu francúzskeho jazyka. Najmä toubonský zákon v 90. rokoc...

ver descrição completa

Na minha lista:
Detalhes bibliográficos
Autor principal: Ondrušová, Terézia, 1978-
Formato: Capítulo de Livro
Idioma:alemão
Assuntos:
Tags: Adicionar Tag
Sem tags, seja o primeiro a adicionar uma tag!

MARC

LEADER 00000naa$a2200000$$$4500
001 0306160
005 20250923134016.1
041 0 |a ger 
044 |a DE 
245 1 0 |a Mehrsprachigkeit am Beispiel der französischen Sprachenpolitik  |c Terézia Ondrušová 
520 |a Cieľom tohto príspevku je preskúmať, či sa francúzska jazyková politika zameriava na viacjazyčnosť alebo sa snaží chrániť svoj jazyk. Vo Francúzsku bolo prijatých niekoľko zákonov, o ktorých si samotní Francúzi mysleli, že sú zamerané na ochranu francúzskeho jazyka. Najmä toubonský zákon v 90. rokoch bol dôležitým krokom, keď prvýkrát bola uzákonená politika francúzskeho jazyka. Pred týmto obdobím v skutočnosti neexistovali nariadenia a právne predpisy o jazykoch. Politika francúzskeho jazyka bola na základe skorších zákonov v podstate politikou veľmi mäkkých jazykov. 
610 2 0 |a jazyky cudzie 
610 2 0 |a zákony 
610 2 0 |a zásoba slovná 
610 2 0 |a politika kultúrna 
610 2 0 |a francúzština 
610 2 0 |a viacjazyčnosť 
100 1 |a Ondrušová, Terézia, 1978-